000
00316nam a22001337a 4500
008
170426b xxu||||| |||| 00| 0 eng d
020
_a
0805389024
041
_a
eng
080
_a
547
100
_a
12
101
_a
SHM
245
_a
DERIVATES OF HYNDRAZINE AND OTHER HYDROGENS
_c
SMITH.P.A.S
942
_2
udc
_c
BK
999
_c
12016
_d
12016